| 000 | 00922cam a22002898a 4500 | ||
|---|---|---|---|
| 005 | 20260322212027.0 | ||
| 008 | data | ||
| 010 | _a 2010025739 | ||
| 020 | _a9780393078268 (hardcover) | ||
| 020 | _a0393078264 | ||
| 040 |
_aDLC _cDLC |
||
| 050 | 0 | 0 |
_aQC24.5 _b.M848 2011 |
| 082 | 0 | 0 |
_a530 _222 |
| 092 | _a530 M848 2011 | ||
| 100 | 1 |
_aMuller, R. _q(Richard) |
|
| 245 | 1 | 4 |
_aThe instant physicist : _ban illustrated guide / _cR. Muller. |
| 250 | _a1st ed. | ||
| 260 |
_aNew York : _bW.W. Norton, _cc2011. |
||
| 263 | _a1012 | ||
| 300 | _ap. cm. | ||
| 650 | 0 |
_aPhysics _vPopular works. |
|
| 906 |
_a7 _bcbc _corignew _d1 _eecip _f20 _gy-gencatlg |
||
| 925 | 0 |
_aacquire _b2 shelf copies _xpolicy default |
|
| 955 | _wrd11 2010-07-02 | ||
| 963 | _aClaire Reinertsen; phone: 212-790-4333; fax: 212-869-0856; email: [email protected]; bc: [email protected] | ||
| 001 | data | ||
| 999 |
_c617 _d617 |
||